<?xml version="1.0" encoding="UTF-8"?>
<record
    xmlns:xsi="http://www.w3.org/2001/XMLSchema-instance"
    xsi:schemaLocation="http://www.loc.gov/MARC21/slim http://www.loc.gov/standards/marcxml/schema/MARC21slim.xsd"
    xmlns="http://www.loc.gov/MARC21/slim">

  <leader>01357cam a22002057i 4500</leader>
  <datafield tag="020" ind1=" " ind2=" ">
    <subfield code="a">0073398179</subfield>
  </datafield>
  <datafield tag="020" ind1=" " ind2=" ">
    <subfield code="a">9780073398174</subfield>
  </datafield>
  <datafield tag="082" ind1="0" ind2="4">
    <subfield code="a">621.4021</subfield>
    <subfield code="b">CEN</subfield>
    <subfield code="c">N-01,P-215</subfield>
  </datafield>
  <datafield tag="100" ind1="1" ind2=" ">
    <subfield code="a">&#xC7;engel, Yunus A.,</subfield>
    <subfield code="9">2462</subfield>
  </datafield>
  <datafield tag="245" ind1="1" ind2="0">
    <subfield code="a">Thermodynamics :</subfield>
    <subfield code="b">an engineering approach /</subfield>
    <subfield code="c">Yunus A. &#xC7;engel, University of Nevada, Reno, Michael A. Boles, North Carolina State University.</subfield>
  </datafield>
  <datafield tag="250" ind1=" " ind2=" ">
    <subfield code="a">Eighth edition.</subfield>
  </datafield>
  <datafield tag="260" ind1=" " ind2=" ">
    <subfield code="a">New Delhi:</subfield>
    <subfield code="b">McGraw Hill,</subfield>
    <subfield code="c">2016.</subfield>
  </datafield>
  <datafield tag="300" ind1=" " ind2=" ">
    <subfield code="a">xxvi, 996 pages :</subfield>
    <subfield code="b">illustrations ;</subfield>
    <subfield code="c">26 cm</subfield>
  </datafield>
  <datafield tag="505" ind1="0" ind2=" ">
    <subfield code="a">Introduction and basic concepts -- Energy, energy transfer, and general energy analysis -- Properties of pure substances -- Energy analysis of closed systems -- Mass and energy analysis of control volumes -- The second law of thermodynamics -- Entropy -- Exergy -- Gas powers cycles -- Vapor and combined power cycles -- Refrigeration cycles -- Thermodynamic property relations -- Gas mixtures -- Gas-vapor mixtures and air-conditioning -- Chemical reactions -- Chemical and phase equilibrium -- Compressible flow -- Renewable energy -- Appendix 1: Property tables and charts (SI units) -- Appendix 2: Property tables and charts (English units).</subfield>
  </datafield>
  <datafield tag="526" ind1=" " ind2=" ">
    <subfield code="a">0</subfield>
    <subfield code="b">0</subfield>
    <subfield code="c">0</subfield>
    <subfield code="d">621_402100000000000_CEN</subfield>
  </datafield>
  <datafield tag="526" ind1=" " ind2=" ">
    <subfield code="a">0</subfield>
    <subfield code="b">0</subfield>
    <subfield code="c">0</subfield>
    <subfield code="d">621_402100000000000_CEN</subfield>
  </datafield>
  <datafield tag="650" ind1=" " ind2="0">
    <subfield code="a">Thermodynamics.</subfield>
    <subfield code="9">7134</subfield>
  </datafield>
  <datafield tag="700" ind1="1" ind2=" ">
    <subfield code="a">Boles, Michael A.,</subfield>
    <subfield code="9">35743</subfield>
  </datafield>
  <datafield tag="942" ind1=" " ind2=" ">
    <subfield code="2">ddc</subfield>
    <subfield code="c">BK</subfield>
  </datafield>
  <datafield tag="999" ind1=" " ind2=" ">
    <subfield code="c">553625</subfield>
    <subfield code="d">553625</subfield>
  </datafield>
  <datafield tag="952" ind1=" " ind2=" ">
    <subfield code="0">0</subfield>
    <subfield code="1">0</subfield>
    <subfield code="2">ddc</subfield>
    <subfield code="4">0</subfield>
    <subfield code="7">0</subfield>
    <subfield code="a">MCE</subfield>
    <subfield code="b">MCE</subfield>
    <subfield code="d">2016-01-21</subfield>
    <subfield code="l">0</subfield>
    <subfield code="o">621.4021 CEN</subfield>
    <subfield code="p">MCE-48724</subfield>
    <subfield code="r">2016-01-21</subfield>
    <subfield code="w">2016-01-21</subfield>
    <subfield code="y">BK</subfield>
  </datafield>
  <datafield tag="952" ind1=" " ind2=" ">
    <subfield code="0">0</subfield>
    <subfield code="1">0</subfield>
    <subfield code="2">ddc</subfield>
    <subfield code="4">0</subfield>
    <subfield code="7">0</subfield>
    <subfield code="a">MCE</subfield>
    <subfield code="b">MCE</subfield>
    <subfield code="d">2016-01-21</subfield>
    <subfield code="l">2</subfield>
    <subfield code="m">1</subfield>
    <subfield code="o">621.4021 CEN</subfield>
    <subfield code="p">MCE-47884</subfield>
    <subfield code="r">2018-07-11</subfield>
    <subfield code="s">2018-03-21</subfield>
    <subfield code="w">2016-01-21</subfield>
    <subfield code="y">BK</subfield>
  </datafield>
</record>
